| 000 | 00572nam a22001817a 4500 | ||
|---|---|---|---|
| 999 |
_c187052 _d187052 |
||
| 005 | 20220329152218.0 | ||
| 010 | _aENG-132154 | ||
| 020 |
_a9789391125431 _c450.00 |
||
| 035 | _aEN-115686 | ||
| 037 | _bDBAD/PUB | ||
| 082 | _aS | ||
| 100 | _aSatchidanandan, K. | ||
| 245 |
_aGanga's choice and other stories/ _cK.Satchidanandan |
||
| 260 |
_aNew Delhi _bNIYOGI BOOKS _c2021 |
||
| 270 |
_bNew Delhi _aBlock D,Building No.77,Okhla Industrial Area ,phase-1 _e110020 _k011-26816301,26818960 _mniyogibooks@gmail.com |
||
| 300 |
_a255p. _c21cm(pbk) |
||
| 942 |
_2ddc _cEN _mSAT _hS |
||